00569nam a2200193Ia 4500008004100000020000700041082001400048100001800062245002700080250000700107260003500114300002400149500000700173600003300180650001300213942000700226952012700233999001500360240925s9999 xx 000 0 und d aNA a297.5 NYA aNyazai , A.K. 0aQuran's Code of Ethics aNA aPakistan:bShakeel printercNA a179p.bNAfOriginal aNA aHumanities & Natural Science aReligion cBK 001040708HUMaUITUbUITUd1998-02-24eBAIT - ul -Qurang21.00l0o297.5 NYApQ1588r2024-09-25 07:12:29w2024-09-25yBK c4087d4087